Alle "Feld"-Städte Deutschlands - Statistiken

Allgemein
  • Dieses Quiz wurde 366 mal gespielt
    358 seit der letzten Aktualisierung
  • Das Durchschnittsergebnis liegt bei 8 aus 43
Antwortstatistiken
- Einwohner Stadt BL % Korrekt
-feld 334.002 Bielefeld NW
83%
-feld 227.050 Krefeld NW
74%
-feld- 37.047 Bitterfeld-Wolfen ST
42%
-feld 28.772 Saalfeld/Saale TH
42%
-feld- 37.063 Fürstenfeldbruck BY
41%
-felde 27.658 Ludwigsfelde BB
40%
-feld 30.101 Bad Hersfeld HE
34%
-felden 33.045 Rheinfelden (Baden) BW
34%
-feld 15.945 Alsfeld HE
31%
-felden- 40.100 Leinfelden-Echterdingen BW
31%
-feld 59.223 Langenfeld (Rheinland) NW
29%
-felde- 19.986 Leinefelde-Worbis TH
29%
-felden- 34.641 Mörfelden-Walldorf HE
28%
-feld 18.550 Alfeld (Leine) NI
25%
-feld 36.382 Coesfeld NW
23%
-feld 7.454 Eisfeld TH
17%
-feld 7.075 Birkenfeld RP
16%
-felde- 13.544 Oebisfelde-Weferlingen ST
16%
-felden 13.853 Eggenfelden BY
14%
-feld 16.748 Hünfeld HE
14%
-feld 6.994 Lengenfeld SN
11%
-feld 14.806 Clausthal-Zellerfeld NI
10%
-feld 8.480 Mansfeld ST
10%
-feld 3.293 Kranichfeld TH
9%
-feld 9.029 Reinfeld (Holstein) SH
9%
-feld 19.402 Schenefeld SH
9%
-feld 5.436 Gersfeld (Rhön) HE
8%
-feld 11.292 Marktheidenfeld BY
8%
-feld 14.086 Burglengenfeld BY
7%
-feld 2.926 Hatzfeld (Eder) HE
6%
-feld 8.915 Breckerfeld NW
4%
-feld 3.432 Münstermaifeld RP
4%
-feld 2.407 Osterfeld ST
4%
-feld 4.398 Dransfeld NI
3%
-feld 11.569 Geisenfeld BY
3%
-feld 4.951 Hollfeld BY
3%
-feld 6.436 Rosenfeld BW
3%
-feld 7.415 Pockau-Lengefeld SN
2%
-feld 4.706 Scheinfeld BY
2%
-feld 5.987 Schlüsselfeld BY
2%
-feld 5.730 Grünhain-Beierfeld SN
1%
-feld 3.654 Grünsfeld BW
1%
-feld 3.037 Waischenfeld BY
1%
Keine übereinstimmenden Quizze gefunden
Verteilung der Resultate
Anzahl Personen mit jedem Resultat
Perzentil nach korrekt beantworteten Fragen
Ihre Resultats-Entwicklung
Sie haben dieses Quiz seit der letzten Aktualisierung nicht gespielt